| 000 | 01331cam a22003737a 4500 | ||
|---|---|---|---|
| 003 | CHAP | ||
| 005 | 20220817041111.0 | ||
| 008 | 971013s1989 r 00010 d | ||
| 010 | _a6376 | ||
| 011 | _a7348 | ||
| 035 | _a6571 | ||
| 040 | _cCHAP | ||
| 090 | _aTesis | ||
| 100 | 0 | 0 |
_aGutiérrez Garduño, Luis Federico. _951698 |
| 245 | 0 | _aEfectos alelopáticos de los extractos acuosos de pino (Pinus montezumae Lamb.) y eucalipto (Eucalyptus camaldulensis Denh.) sobre los cultivos de cebada y frijol bajo condiciones de campo | |
| 260 |
_aChapingo, Méx. : _bEl autor, _c1989 |
||
| 300 | _a110 h. | ||
| 502 | _aTesis (Ing. For. con Orientación en Silvicultura) -- UACH. División de Ciencias Forestales | ||
| 590 |
_aALEPH _b10 _c20130110 _lUCH01 _h1218 |
||
| 590 |
_aBATCH-UPD _b10 _c20130110 _lUCH01 _h0009 |
||
| 590 |
_aBATCH-UPD _b10 _c20130110 _lUCH01 _h1441 |
||
| 590 |
_aBATCH-UPD _b10 _c20130409 _lUCH01 _h1946 |
||
| 590 |
_aBATCH-UPD _b10 _c20130410 _lUCH01 _h0913 |
||
| 590 |
_aBATCH-UPD _b10 _c20130914 _lUCH01 _h0902 |
||
| 590 |
_aCONVERSION _b10 _c20130109 _lUCH01 _h1305 |
||
| 650 | 1 | 4 |
_aAlelopatia. _93761 |
| 650 | 1 | 4 |
_aCebada. _920652 |
| 650 | 1 | 4 | _aEucalipto. |
| 650 | 1 | 4 |
_aFrijol. _943319 |
| 650 | 1 | 4 |
_aPinus montezumae. _988352 |
| 901 | _aBK | ||
| 942 | _cTESIS | ||
| 949 |
_bBC _cTES _d-16178 _eTS1 _h25241 _i6571 _si |
||
| 999 |
_c6376 _d6376 |
||